2026 FIFA World Cup Asian Countries - Statistics

General Stats
  • This quiz has been taken 26 times
  • The average score is 7 of 8
Answer Stats
Number Country % Correct
5 Japan
100%
1 Saudi Arabia
96%
2 Iran
92%
4 South Korea
84%
8 Australia
80%
6 Qatar
80%
3 Uzbekistan
80%
7 Jordan
76%
No matching quizzes found
Score Distribution
Percent of People with Each Score
Percentile by Number Answered
Your Score History
You have not taken this quiz